000 00604nam a22002057a 4500
003 OSt
005 20251024021319.0
008 251020b |||||||| |||| 00| 0 eng d
020 _a0-13-192684-5.
040 _aDWCL-Main lib
_cOC
082 _aCirc. 150 W119p 2006
100 _aWade, Carol
245 _aPsychology
260 _aN. J. :
_bPearson/ Prentice Hall,
_cc2006,
300 _axxxi, 752 pages :
_bcolored illustration ;
_c28 cm.
504 _aIncludes bibliographical references and index.
650 _21. Psychology.
700 _aTavris, Carol
942 _2ddc
_cBK-CIRC
_e8th ed.
_kCirc.
_n0
999 _c4919
_d4919